20 let profesionálních hasičů ve Stochově : 1995-2015 /

Hlavní autor: Šilhán, Jan
Korporativní autor: Česko. Hasičský záchranný sbor Středočeského kraje. Stanice Stochov
Další autoři: Horák, Jan, Mrnka, Jaroslav, Hradil, Tomáš, Hradilová, Dana, 1976-
Jazyk: Čeština
Vydáno: Kladno : Hasičský záchranný sbor Středočeského kraje, územní odbor Kladno, 2015
Témata:
Fyzický popis: 23 stran : ilustrace (převážně barevné), portréty, 1 faksimile ; 21 cm
Knihy
Uloženo v:
LEADER 02712nam a2200637 i 4500
001 nkc20152745452
003 CZ PrNK
005 20151218084330.0
007 ta
008 151022s2015 xr ach e 000 0 cze
015 |a cnb002745452 
020 |a 978-80-260-9108-0  |q (v knize neuvedeno ;  |q brožováno) 
035 |a (OCoLC)934900562 
040 |a BOA001  |b cze  |d ABA001  |e rda 
043 |a e-xr---  |b e-xr-st  |2 czenas 
045 |a x9y1 
072 7 |a 614.84  |x Požáry. Ochrana před požáry  |2 Konspekt  |9 14 
080 |a 614.842.83  |2 MRF 
080 |a 614.84  |2 MRF 
080 |a (437.312)  |2 MRF 
080 |a (041)  |2 MRF 
080 |a (082.2)  |2 MRF 
100 1 |a Šilhán, Jan  |4 aut 
245 1 0 |a 20 let profesionálních hasičů ve Stochově :  |b 1995-2015 /  |c na zpracování se podíleli: Jan Šilhán, Jan Horák, Jaroslav Mrnka, Tomáš Hradil, Dana Hradilová 
246 3 |a Dvacet let profesionálních hasičů ve Stochově 
264 1 |a Kladno :  |b Hasičský záchranný sbor Středočeského kraje, územní odbor Kladno,  |c 2015 
300 |a 23 stran :  |b ilustrace (převážně barevné), portréty, 1 faksimile ;  |c 21 cm 
336 |a text  |b txt  |2 rdacontent 
337 |a bez média  |b n  |2 rdamedia 
338 |a svazek  |b nc  |2 rdacarrier 
500 |a Název z obálky 
500 |a Nad názvem: Hasičský záchranný sbor Středočeského kraje, územní odbor Kladno, stanice HZS Stochov 
500 |a 250 výtisků 
610 1 7 |a Česko.  |b Hasičský záchranný sbor Středočeského kraje.  |b Stanice Stochov  |7 mzk2015893156  |2 czenas 
648 7 |a 1995-2015  |7 ch969082  |2 czenas 
648 7 |a 20.-21. století  |7 ch462155  |2 czenas 
650 0 7 |a hasičské sbory  |7 ph162652  |z Česko  |y 20.-21. století  |2 czenas 
650 0 7 |a požární ochrana  |7 ph124487  |z Česko  |y 20.-21. století  |2 czenas 
650 0 9 |a fire departments  |z Czechia  |y 20th-21st centuries  |2 eczenas 
650 0 9 |a fire protection  |z Czechia  |y 20th-21st centuries  |2 eczenas 
651 7 |a Stochov (Česko)  |7 ge130954  |2 czenas 
651 9 |a Stochov (Czechia)  |2 eczenas 
655 7 |a brožury  |7 fd131925  |2 czenas 
655 7 |a jubilejní publikace  |7 fd131839  |2 czenas 
655 9 |a brochures  |2 eczenas 
655 9 |a jubilee books  |2 eczenas 
700 1 |a Horák, Jan  |4 aut 
700 1 |a Mrnka, Jaroslav  |7 jo2012695105  |4 aut 
700 1 |a Hradil, Tomáš  |7 xx0121789  |4 aut 
700 1 |a Hradilová, Dana,  |d 1976-  |7 xx0080669  |4 aut 
710 1 |a Česko.  |b Hasičský záchranný sbor Středočeského kraje.  |b Stanice Stochov  |7 mzk2015893156  |4 isb 
910 2 |a BOA001  |b 2-1354.862 
990 |a BK 
995 |a 01 
991 |b 201511  |c NOV  |e n 
996 6 |b 2610648325  |c 2-1354.862  |l MZK  |r Sklad / do 1 hodiny  |n 0  |p p.v.  |w 001529128  |u 000010  |a 1  |e BOA001  |j MZK50  |s P